000 01403nam a2200277 a 4500
999 _c389508
_d389508
003 BLK
005 20250712144020.0
008 200930b bu ||||gr|||| 00| 1 bu d
020 _a9789542826774
040 _aBLK
041 _aBUL
_cBUL
080 _aБългарска литература
_b821.163.2
_x-32
_z821.163.2-32
100 _9251215
_aМарков, Георги Иванов
_eпърви автор
139 _aМарков, Георги
_bМ 32
245 _aПортретът на моя двойник
_cГеорги Марков
260 _9217021
_aСофия
_bСиела Норма
_c2018
_fВ. Търново : Абагар
_n978-954-28-
300 _a311 с.
_c20 см
380 _aX
500 _aБългарският писател Георги Марков и неговото творчество / Светлозар Игов: с. 7-14
505 _tПразното пространство
505 _tСанаториумът на д-р Господов
700 1 _aИгов, Светлозар Атанасов
_d1945-2023
_gФилолог, славянска филология (1966). Литературен критик, историк. Поет, белетрист. Преводач от сърбохърватски език
_972055
942 _cKNG
_n0
_s1
_015
944 _aCR
_c2020-09-30
_k30575
_lМартин Енчев
999 _d389508